Detalles MARC
| 000 -LIDER |
| fixed length control field |
00922nam a22002537a 4500 |
| 003 - IDENTIFICACDOR DE NÚMERO DE CONTROL |
| control field |
DO-SdBNP |
| 005 - DATE AND TIME OF LATEST TRANSACTION |
| control field |
20220602134555.0 |
| 008 - ELEMENTOS DE LONGITUD FIJA |
| fixed length control field |
161017b1984 cu 00| 0 spa d |
| 040 ## - FUENTE DE CATALOGACIÓN |
| Agencia que crea de manera original el registro |
BPMSU |
| Idioma de catalogación |
spa |
| Agencia que realiza la transcripción |
BPMSU |
| 082 ## - NÚMERO DE CLASIFICACIÓN DECIMAL DE DEWEY |
| Classification number |
R-911.7291 |
| Item number |
M378a 1984 |
| Edition number |
22 |
| 245 00 - MENCIÓN DE TITULO |
| Título |
Atlas histórico biográfico José Martí |
| 260 ## - PUBLICACIÓN, DISTRIBUCIÓN, ETC. (PIE DE IMPRENTA) |
| Lugar de publicación, distribución, etc |
La Habana : |
| Nombre del editor, distribuidor, etc. |
Instituto Cubano de Geodesia y Cartografía ; |
| -- |
Centro de Estudios Martianos |
| Fecha de publicación, distribución, etc |
1983 |
| 300 ## - DESCRIPCIÓN FÍSICA |
| Extensión |
128 p. : |
| Otros detalles físicos |
il. ; |
| Dimensiones |
35 cm |
| 504 ## - NOTA DE BIBLIOGRAFÍA, ETC. |
| Bibliography, etc |
Bibliografía: p. 123-126 |
| 590 ## - NOTA LOCAL |
| Enlace |
Inventariado, 2022/VM |
| 600 14 - ENCABEZAMIENTO DE MATERIA--NOMBRE PERSONAL |
| Nombre personal |
Martí, José |
| Fechas asociadas con el nombre |
1853-1895 |
| 610 14 - ENCABEZAMIENTO DE MATERIA--NOMBRE CORPORATIVO |
| Nombre corporativo o de jurisdicción |
Partido Revolucionario Cubano |
| Subdivisión temática general |
Historia |
| -- |
Mapas |
| 650 #4 - ENCABEZAMIENTO DE MATERIA--TEMÁTICO |
| Término temático o nombre geográfico como elemento de entrada |
Geografía histórica |
| Subdivisión de forma |
Mapas. |
| 710 2# - ASIENTO SECUNDARIO -- NOMBRE CORPORATIVO |
| Nombre corporativo o de jurisdicción |
Instituto Cubano de Geodesia y Cartografía |
| 710 2# - ASIENTO SECUNDARIO -- NOMBRE CORPORATIVO |
| Nombre corporativo o de jurisdicción |
Instituto Cubano de Geodesia |
| 710 2# - ASIENTO SECUNDARIO -- NOMBRE CORPORATIVO |
| Nombre corporativo o de jurisdicción |
Centro de Estudios Martianos (La Habana) |
| 910 ## - VALIDACIÓN |
| Validación |
VMateo V./Validado. Control de calidad MFF |
| 942 ## - ADDED ENTRY ELEMENTS (KOHA) |
| Source of classification or shelving scheme |
Dewey Decimal Classification |
| Koha item type |
Libros |